Statistics for Pi Digits 101-200

Click here to take the quiz!

General Stats

  • This quiz has been taken 516 times
  • The average score is 62 of 100

Answer Stats

π% Correct
8
100%
1
97%
2
97%
0
93%
4
93%
8
93%
8
93%
6
91%
5
88%
1
87%
3
85%
2
84%
2
84%
8
84%
0
82%
3
82%
4
81%
6
81%
6
81%
7
81%
0
75%
3
75%
9
75%
4
72%
4
72%
8
72%
0
70%
0
70%
2
70%
5
70%
5
70%
5
70%
6
70%
8
70%
9
70%
2
69%
1
67%
2
67%
3
67%
3
67%
5
67%
5
67%
7
67%
0
66%
1
66%
2
66%
4
66%
4
66%
8
66%
8
66%
8
66%
9
66%
1
64%
1
64%
1
64%
4
63%
7
63%
0
61%
5
61%
2
60%
1
57%
4
57%
8
57%
0
55%
0
54%
2
54%
7
54%
1
51%
1
48%
1
48%
2
48%
3
48%
5
48%
8
48%
9
48%
0
46%
5
46%
5
46%
5
46%
9
43%
2
40%
4
40%
4
40%
6
40%
6
40%
2
39%
4
39%
8
39%
9
39%
9
39%
0
36%
1
36%
3
36%
3
36%
4
36%
5
36%
6
36%
8
36%
9
36%
9
36%

Score Distribution

Percentile by Number Answered

Percent of People with Each Score

Your Score History

You have not taken this quiz